Biggest cities in each State and Province - Statistics

General Stats
  • This quiz has been taken 55 times
  • The average score is 50 of 63
Answer Stats
State/ Population Population City % Correct
California 18,679,763 Los Angeles
98%
New York 22,679,948 New York City
96%
Ontario 6,417,516 Toronto
96%
British Columbia 2,463,431 Vancouver
96%
Massachusetts 8,041,303 Boston
93%
Illinois 9,901,711 Chicago
93%
Texas 7,673,305 Dallas
93%
Colorado 3,572,798 Denver
93%
Florida 6,889,936 Miami
93%
Arizona 4,857,962 Phoenix
93%
Georgia 6,775,511 Atlanta
91%
Alberta 1,392,609 Calgary
91%
Hawaii 953,207 Honolulu
91%
Indiana 2,431,361 Indianapolis
91%
Nevada 2,462,015 Las Vegas
91%
Quebec 4,247,000 Montreal
91%
Pensylvania 7,206,807 Philadelphia
91%
Michigan 5,336,286 Detroit
89%
Minnesota 4,014,593 Minneapolis
89%
Maine 514,098 Portland
89%
Oregon 3,239,335 Portland
89%
Utah 2,606,548 Salt Lake City
89%
North Carolina 2,636,883 Charlotte
87%
Tennessee 1,959,495 Nashville
87%
Washington 4,903,675 Seattle
87%
Missouri 2,911,945 St. Louis
87%
New Mexico 915,927 Albuquerque
85%
Maryland 2,802,789 Baltimore
85%
Ohio 2,424,831 Columbus
85%
Arkansas 738,344 Little Rock
85%
Louisiana 1,270,530 New Orleans
85%
Oklahoma 1,396,445 Oklahoma City
85%
Alaska 399,148 Anchorage
83%
Idaho 749,202 Boise
83%
Rhode Island 1,604,291 Providence
83%
Iowa 846,068 Des Moines
80%
Wisconsin 2,043,904 Milwaukee
80%
Nebraska 1,136,211 Omaha
80%
Manitoba 778,489 Winnipeg
80%
Alabama 1,151,801 Birmingham
78%
Kentucky 1,489,142 Louisville
78%
New Jersey 282,090 Newark
78%
Kansas 672,796 Wichita
78%
Mississippi 576,382 Jackson
76%
Wyoming 98,976 Cheyenne
74%
Virginia 1,725,246 Virginia Beach
74%
Montana 171,677 Billings
72%
Nova Scotia 403,131 Halifax
72%
New Hampshire 406,678 Manchester
70%
South Dakota 265,653 Sioux Falls
70%
South Carolina 963,048 Columbia
67%
North Dakota 246,145 Fargo
67%
Saskatchewan 295,095 Saskatoon
67%
Newfoundland & Labrador 205,955 St John's
63%
Delaware 70,166 Wilmington
63%
Connecticut 939,904 Bridgeport
57%
Northwest Territories 19,569 Yellowknife
57%
Vermont 214,796 Burlington
54%
Yukon Territory 25,085 Whitehorse
48%
Prince Edward Island 80,347 Charlottetown
41%
Nunavut 7,740 Iqaluit
39%
New Brunswick 144,810 Moncton
28%
West Virginia 349,485 Huntington
24%
No matching quizzes found
Score Distribution
Percent of People with Each Score
Percentile by Number Answered
Your Score History
You have not taken this quiz